| 000 | 00657nam a22002057a 4500 | ||
|---|---|---|---|
| 999 |
_c20742 _d20742 |
||
| 003 | AR-CdUCM | ||
| 008 | 190604b ||||| |||| 00| 0 spa d | ||
| 040 |
_aMUNICIPALIDAD PROVINCIAL DEL CUSCO _cBIBLIOTECA MUNICIPAL DEL CUSCO |
||
| 082 |
_a489.5/ _bM22 |
||
| 100 |
_aManya, Juan Antonio _911042 |
||
| 245 | _aHablando quechua con el pueblo / | ||
| 260 |
_a Cusco: _bJama, |
||
| 300 |
_a71 páginas ; _c22 cm; _bMapas. |
||
| 505 | _aContenido: Mapa del imperio del tahuntinsuyo -- Prologo -- Himno nacional del Perú... | ||
| 650 |
_aIdiomas _924850 |
||
| 650 |
_aQuechua _92063 |
||
| 650 |
_aIngles _97365 |
||
| 942 |
_2ddc _cLIBROS |
||
| 945 | _aJavier | ||